QUESTION BANK PRACTICAL PROBLEMS AND SOLUTIONS (Record no. 5623)

MARC details
000 -LEADER
fixed length control field 00372nam a22001457a 4500
005 - DATE AND TIME OF LATEST TRANSACTION
control field 20171025095026.0
008 - FIXED-LENGTH DATA ELEMENTS--GENERAL INFORMATION
fixed length control field 171025b xxu||||| |||| 00| 0 eng d
041 ## - LANGUAGE CODE
Language code of text/sound track or separate title eng
082 ## - DEWEY DECIMAL CLASSIFICATION NUMBER
Classification number 153.43
100 ## - MAIN ENTRY--AUTHOR NAME
Personal name JAIN, CA. AJAY
245 ## - TITLE STATEMENT
Title QUESTION BANK PRACTICAL PROBLEMS AND SOLUTIONS
Statement of responsibility, etc CA AJAY JAIN
260 ## - PUBLICATION, DISTRIBUTION, ETC. (IMPRINT)
Place of publication DELHI
Name of publisher AVJ INSTITUTE,
300 ## - PHYSICAL DESCRIPTION
Number of Pages 370p.
942 ## - ADDED ENTRY ELEMENTS (KOHA)
Koha item type Books
Holdings
Lost status Damaged status Home library Current library Date acquired Source of acquisition Full call number Accession Number Koha item type
    JRU Library   25/10/2017 DONATION 153.43 22143 Books